000
00222nam a22000857a 4500
008
160708b xxu||||| |||| 00| 0 eng d
100
_9
2445
_a
Hutchins, P
245
_a
Don't Forget the Bacon!
260
_a
England
_b
Penguin
_c
1983
999
_c
2116
_d
2116